000 00554nam a2200169Ia 4500
008 240729s9999 xx 000 0 und d
022 _a2186-8662
245 0 _aInternational Journal of Development and Sustainability
260 _aJapan
260 _bInternational Society for Development and Sustainability (ISDS)
650 _a Economic growth, development, planning
650 _a Industries. Land use. Labor
650 _aSocial Sciences
856 _uhttps://doaj.org/toc/585d3d25f95b4576af05c7d50d679de2
942 _2ddc
942 _cDOAJEJ
999 _c65901
_d65901
945 _a1
_bMadushi Gamage
_c1
_dMadushi Gamage